Survivor Surnames Quiz Stats

 Plays Quiz not verified by Sporcle

Support Sporcle.
Go Orange.
Score 0/45 Timer 04:00
0 Plays Today
First Name Surname % Correct
Survivor Borneo: RichardHatch
99.9%
Survivor Australian Outback: ColbyDonaldson
93.9%
Survivor Africa: EthanZohn
91.8%
Survivor All-Stars: RobMariano
91.1%
Survivor Australian Outback: TinaWesson
90.6%
Survivor Amazon: JennaMorasca
88.3%
Survivor Pearl Islands: SandraDiaz-Twine
88.3%
Survivor Micronesia: ParvatiShallow
86.7%
Survivor Cook Islands: YulKwon
85.7%
Survivor Palau: TomWestman
84.2%
Survivor Samoa: RussellHantz
83.5%
Survivor Heroes vs.Villains: ParvatiShallow
81.4%
Survivor Guatemala: DanniBoatwright
81.2%
Survivor Guatemala: StephenieLaGrossa
80.9%
Survivor Cook Islands: OzzyLusth
79.9%
Survivor Micronesia: AmandaKimmel
79.9%
Survivor Heroes vs. Villains: SandraDiaz-Twine
79.8%
Survivor Thailand: BrianHeidik
78.7%
Survivor Samoa: NatalieWhite
78%
Survivor Fiji: EarlCole
77.4%
Survivor Marquesas: VecepiaTowery
77.2%
Survivor China: CourtneyYates
77.1%
Survivor China: ToddHerzog
76.6%
First Name Surname % Correct
Survivor Borneo: KellyWiglesworth
75.9%
Survivor Gabon: BobCrowley
75.1%
Survivor All-Stars: AmberBrkich
75.1%
Survivor Redemption Island: RobMariano
74.8%
Survivor Tocantins: James 'JT'Thomas
73.2%
Survivor Exile Island: DanielleDiLorenzo
72.1%
Survivor Tocantins: StephenFishbach
72%
Survivor Africa: KimJohnson
71.9%
Survivor Pearl Islands: Lillian 'Lil'Morris
68.3%
Survivor Vanuatu: TwilaTanner
62.8%
Survivor Vanuatu: ChrisDaugherty
62.6%
Survivor Nicaragua: Judson 'Fabio'Birza
61.4%
Survivor Thailand: ClayJordan
58.3%
Survivor Marquesas: NelehDennis
58.2%
Survivor Redemption Island: PhillipSheppard
55.4%
Survivor Nicaragua: ChaseRice
54.6%
Survivor Gabon: SusieSmith
53.1%
Survivor Exile Island: ArasBaskauskas
51.8%
Survivor Palau: KatieGallagher
51.7%
Survivor Fiji: Andria 'Dre/Dreamz'Herd
51.2%
Survivor Amazon: Matthew 'Matt'Von Ertfelda
40.1%
Survivor Fiji: CassandraFranklin
34.3%

You're not logged in!

Compare scores with friends on all Sporcle quizzes.
OR
Log In

From the Vault

Most Tourists by Continent Blitz

by Flick

You better pack light, we're going fast for this one!
Remove Ads.
Support Sporcle.
Get the best of Sporcle when you Go Orange. This ad-free experience offers more features, more stats, and more fun while also helping to support Sporcle. Thank you for becoming a member.

Show Comments

Extras

Top Quizzes Today


Score Distribution

Your Account Isn't Verified!

In order to create a playlist on Sporcle, you need to verify the email address you used during registration. Go to your Sporcle Settings to finish the process.

Report this User

Report this user for behavior that violates our Community Guidelines.

Details: